Complete the Card - WWE SummerSlam 2007 - Statistics

General Stats
  • This quiz has been taken 387 times
  • The average score is 13 of 16
Answer Stats
Answer % Correct
John Cena
97%
Randy Orton
96%
Batista
95%
Triple H
95%
CM Punk
87%
Kane
85%
Rey Mysterio
82%
The Great Khali
82%
John Morrison
77%
King Booker
75%
Umaga
75%
Chavo Guerrero
74%
Carlito
64%
Mr. Kennedy
64%
Beth Phoenix
62%
Finlay
53%
No matching quizzes found
Score Distribution
Percent of People with Each Score
Percentile by Number Answered
Your Score History
You have not taken this quiz